| 000 | 01131cam a22003254a 4500 | ||
|---|---|---|---|
| 001 | 15104061 | ||
| 003 | OSt | ||
| 005 | 20230908135022.0 | ||
| 008 | 070915s2007 ii a bq 001 0deng | ||
| 010 | _a 2007375874 | ||
| 020 | _a8173047359 | ||
| 025 | _aI-E-2007-375874; 92-92 | ||
| 035 | _a(IN-NdUBS)UBS07002434 | ||
| 037 |
_bLibrary of Congress -- New Delhi Overseas Office _cRs695.00 |
||
| 040 |
_aDLC _cDLC |
||
| 042 | _alcode | ||
| 043 | _aa-ii--- | ||
| 050 | 0 | 0 |
_aPN1998.3.R4 _bR43 2007 |
| 082 |
_a070 _bROB/S |
||
| 100 | 1 |
_aRoberge, Gaston, _d1935-2020. |
|
| 245 | 1 | 0 |
_aSatyajit Ray : _bessays 1970-2005 / _cby Gaston Roberge. |
| 260 |
_aNew Delhi : _bManohar Publishers & Distributors, _c2007. |
||
| 300 |
_a280 p. : _bill. ; _c23 cm. |
||
| 500 | _aFilimography (p. [269]-272). | ||
| 504 | _aIncludes bibliographical references (p. [265]-267) and index. | ||
| 600 | 1 | 0 |
_aRay, Satyajit, _d1921-1992 _xCriticism and interpretation. |
| 906 |
_a7 _bcbc _corigode _d3 _encip _f20 _gy-gencatlg |
||
| 942 |
_2ddc _cBK _h070 _iROB/S _k070 _mROB/S |
||
| 999 |
_c42164 _d42164 |
||